| 000 | 00434nam a2200145 a 4500 | ||
|---|---|---|---|
| 001 | 3234 | ||
| 003 | CDMR | ||
| 005 | 20130905131037.0 | ||
| 008 | 130130s ||||||||||||||||||||||||||||d | ||
| 040 |
_aCDMR _bcat _cCPC GIRONA |
||
| 100 | 1 |
_aRodríguez Morató, Arturo _92345 |
|
| 245 | 1 | 3 |
_aLa problemática profesional de los escritores y traductores. _bUna visión sociológica _cRodríguez Morató, Arturo |
| 260 | _bACEC | ||
| 942 |
_cMON _2udc |
||
| 999 |
_c3234 _d3234 |
||